000 00636nam a22002537a 4500
003 OSt
005 20140310183001.0
008 130208t xxu||||| |||| 00| 0 eng d
020 _a9715131697
050 _aRC 440
_b.C118 2002
100 _aCaninidin, Eden E.
245 _aPsychiatric nursing :
_cCacanindin, Eden Esmas
_b(student guide) /
260 _aManila :
_bEducational Publishing House,
_c2002.
300 _a230 p. :
_c26 cm.
_bill. ;
521 _aNUR
562 _e6
942 _2lcc
_cBK
_kLOC
999 _c18116
_d18116